Catálogo

METODO DE CASOS EN EL ESTUDIO DE FINANZAS (Registro nro. 7639)

Detalles MARC
000 -LEADER
fixed length control field 00381nam a2200145 a 4500
001 - CONTROL NUMBER
control field 7639
005 - DATE AND TIME OF LATEST TRANSACTION
control field 20180713191534.0
008 - FIXED-LENGTH DATA ELEMENTS--GENERAL INFORMATION
fixed length control field 140415s1992 000 0 spa d
041 ## - LANGUAGE CODE
Language code of text/sound track or separate title spa
082 ## - DEWEY DECIMAL CLASSIFICATION NUMBER
Classification number 658.15
Item number MET
245 00 - TITLE STATEMENT
Title METODO DE CASOS EN EL ESTUDIO DE FINANZAS
260 ## - PUBLICATION, DISTRIBUTION, ETC.
Place of publication, distribution, etc. [s.l.] :
Name of publisher, distributor, etc. CECSA,
Date of publication, distribution, etc. 1992
300 ## - PHYSICAL DESCRIPTION
Extent 690
650 14 - SUBJECT ADDED ENTRY--TOPICAL TERM
Topical term or geographic name entry element ADMINISTRACION FINANCIERA
Existencias
Withdrawn status Lost status Source of classification or shelving scheme Damaged status Not for loan Home library Current library Shelving location Date acquired Source of acquisition Total Checkouts Full call number Barcode Price effective from Koha item type Collection code Inventory number Date last seen
  No inventariado Dewey Decimal Classification     Biblioteca Karol Wojtyla Biblioteca Karol Wojtyla   03/12/2013 Compra   658.15 MET 20751 03/12/2013 Libro      
    Dewey Decimal Classification     Biblioteca Karol Wojtyla Biblioteca Karol Wojtyla Sala general 03/12/2013 Compra   658.15 MET 32202 03/12/2013 Libro General 151000000000000000004902 05/01/2026
    Dewey Decimal Classification     Biblioteca Karol Wojtyla Biblioteca Karol Wojtyla Sala general 03/12/2013 Compra   658.15 MET 32096 03/12/2013 Libro General 151000000000000000004901 05/01/2026